[Event "CZE-chT2E 1819"]
[Site "Czech Republic"]
[Date "2018.12.16"]
[Round "5.7"]
[White "Kasik, Miroslav1111"]
[Black "Palka, Bronislav"]
[Result "1-0"]
[WhiteElo "1956"]
[BlackElo "1927"]
[PlyCount "109"]
[EventDate "2018.10.14"]
[EventType "team-tourn"]
[EventRounds "11"]
[EventCountry "CZE"]
[SourceTitle "EXT 2022"]
[Source "ChessBase"]
[SourceDate "2021.10.06"]
[SourceVersion "1"]
[SourceVersionDate "2021.10.06"]
[SourceQuality "1"]
[WhiteTeam "Kromeriz Slavia II"]
[BlackTeam "Zlin"]
[WhiteTeamCountry "CZE"]
[BlackTeamCountry "CZE"]

1. e4 c5 2. Nf3 Nc6 3. Bb5 g6 4. d4 cxd4 5. Nxd4 Bg7 6. Be3 Nf6 7. f3 0-0 8. 0-0 Qb6 9. Nc3 Qc7 10. Qd2 a6 11. Be2 b5 12. a3 Bb7 13. Rfd1 Rac8 14. Bf1 Ne5 15. Bh6 Nc4 16. Bxc4 Qxc4 17. Bxg7 Kxg7 18. Nb3 d6 19. Qd4 Qxd4+ 20. Rxd4 Nd7 21. a4 f5 22. axb5 axb5 23. Ra7 Bc6 24. exf5 gxf5 25. Na5 Rfd8 26. Nxc6 Rxc6 27. Nxb5 Rxc2 28. Nxd6 exd6 29. Rxd6 Rxb2 30. Rdxd7+ Rxd7 31. Rxd7+ Kg6 32. h3 f4 33. Kh2 h6 34. Rd8 Kg5 35. Rg8+ Kf6 36. h4 Rb4 37. Kh3 Kf7 38. Rg4 Kf6 39. g3 Kf5 40. Rxf4+ Rxf4 41. gxf4 Kxf4 42. Kg2 Ke3 43. Kg3 h5 44. Kg2 Kf4 45. Kf2 Ke5 46. Ke3 Kf5 47. f4 Kg4 48. Ke4 Kxh4 49. Kf3 Kh3 50. f5 Kh2 51. f6 h4 52. f7 h3 53. Kf2 Kh1 54. f8Q Kh2 55. Qg7 1-0

[Event "Kromeriz op"]
[Site "Kromeriz"]
[Date "2014.05.12"]
[Round "6"]
[White "Palka, Bronislav"]
[Black "Brazdil, Roman"]
[Result "1-0"]
[WhiteElo "1840"]
[BlackElo "2120"]
[PlyCount "79"]
[EventDate "2014.05.07"]
[EventType "swiss"]
[EventRounds "7"]
[EventCountry "CZE"]
[SourceTitle "EXT 2016"]
[Source "ChessBase"]
[SourceDate "2015.10.08"]
[SourceVersion "1"]
[SourceVersionDate "2015.10.08"]
[SourceQuality "1"]

1. d4 Nf6 2. c4 e6 3. Nc3 d5 4. Bf4 Be7 5. e3 0-0 6. h3 b6 7. Nf3 Ba6 8. Ne5 c5 9. Nb5 cxd4 10. exd4 Bxb5 11. cxb5 Bb4+ 12. Bd2 Bxd2+ 13. Qxd2 Ne4 14. Qc2 Qd6 15. a3 f6 16. Nc6 Nxc6 17. bxc6 Rac8 18. Rc1 Qf4 19. g3 Qf3 20. Rh2 Rc7 21. Be2 Qf5 22. Bg4 Qg5 23. Bxe6+ Kh8 24. h4 Qh5 25. Kf1 h6 26. Qd3 Re8 27. Bd7 Rd8 28. Qe3 Qf7 29. Qf4 Rcxd7 30. cxd7 Qxd7 31. f3 Nd6 32. g4 Kg8 33. Re2 Qb5 34. Kf2 Nc4 35. Qc7 Rd7 36. Qb8+ Kh7 37. h5 Nd6 38. Rc7 Qa4 39. Rxd7 Qxd7 40. Qf8 1-0